000 00750cam a2200217 4500
001 ABS65757
008 020801n2002 000 0 eng u
035 _a(Sirsi) u119149
245 _aSignal interrogations
260 _c2002
490 _aEstates Gazette
_v(0230) 27 July 2002, 118(1)
520 _aLists 20 questions that should be asked before agreeing to let telecoms masts onto your property. Full guide to issues "Rooftops for rent?" available from www.nabarro.com/uploads/files/29.pdf
590 _aABS
650 _aTELECOMMUNICATIONS MASTS
650 _aCONSENTS
650 _aTELECOMS CODE
650 _aOFTEL
650 _aCOMPENSATION
690 _aENVIRONMENTAL AND LAND CONSULTANCY-PLANNING AND DEVELOPMENT
942 _n0
999 _c70874
_d70874